| 000 | 00000nam##2200000za#4500 |
| 001 | 9.680986 |
| 003 | CaOODSP |
| 005 | 20200401055805 |
| 007 | ta |
| 008 | 150407|1999||||xxc||||| f|0| 0 fre|d |
| 020 | |a0-662-84254-5 |
| 040 | |aCaOODSP|bfre |
| 043 | |an-cn--- |
| 086 | 1 |aH68-27/1998F |
| 110 | 1 |aCanada.|bSanté Canada. |bConsei national du bien-être social. |
| 245 | 10|aRevenus du bien-être social, 1997 et 1998 : |brapport du Conseil national du bien-être social |
| 260 | |aOttawa - Ontario : |bSanté Canada. |c1999. |
| 300 | |a77p. : |bgraphiques, tableaux ; |c28 cm. |
| 500 | |a«Dans ce document, on présente les revenus de bien-être social estimatifs des quatre types de ménages suivants en 1997 et en 1998: une personne seule apte au travail, une personne seule handicapée, une famille monoparentale avec un enfant âgé de deux ans et une famille biparentale avec deux enfants âgés de dix et 15 ans.»--Avant-propos. |
| 520 | 3 |aDans ce document, on présente les revenus de bien-être social estimatifs des quatre types de ménages suivants en 1997 et en 1998: une personne seule apte au travail, une personne seule handicapée, une famille monoparentale avec un enfant âgé de deux ans et une famille biparentale avec deux enfants âgés de dix et 15 ans.--Avant-propos |
| 563 | |aCouverture souple |
| 590 | |a00-17|b2000-04-28 |
| 691 | 07|aBien-être social|2gcpds |
| 775 | 08|tWelfare incomes, 1997 and 1998 : |w(CaOODSP)9.647570 |